000 00257nam a22001097a 4500
999 _c164923
_d164923
082 _a
_b
100 _aNirmala Jain
245 _aRaja siddharth aur saundarya shastra/
_cby Nirmala Jain.
260 _aNew Delhi:
_bVani,
_c1999.
650 _a
942 _cBK